Emmerdale Characters - Statistics

General Stats
  • This quiz has been taken 2,033 times
  • The average score is 40 of 70
Answer Stats
Hint Answer % Correct
Dingle Cain
86%
Sharma Charity
81%
Dingle Lisa
81%
Pollard Eric
79%
Dingle Belle
77%
Spencer Chastity
77%
Kirk Paddy
77%
Dingle Sam
77%
Hope Bob
76%
King Jimmy
76%
Barton Moira
76%
Dingle Zak
75%
Dingle Debbie
73%
Metcalfe David
72%
Barton Adam
71%
Sharma Jai
71%
King Nicola
70%
Sugden Andy
69%
Birch Edna
69%
Dingle Marlon
69%
Goskirk Rhona
68%
Blackstock Rodney
68%
Pollard Val
68%
Blackstock Bernice
67%
Thomas Ashley
66%
Thomas Laurel
64%
Sugden Victoria
64%
Sugden Diane
63%
Sugden Jack
63%
Spencer Dan
61%
Sugden Sarah
61%
Spencer Ali
60%
Thomas Gabby
58%
Sharma Priya
58%
Macey Declan
57%
Macey Megan
55%
Gallagher Jacob
54%
Dingle Samson
54%
King Angelica
53%
Eagleton Betty
53%
Wyatt Amy
52%
Wyatt Kerry
52%
Goskirk Leo
52%
Thomas Arthur
51%
Ladderbanks Pearl
50%
Sharma Rishi
50%
Walker Brenda
49%
Hope Cathy
49%
Hope Heath
49%
Breckle Rachel
49%
Gallagher Alicia
46%
Turner Alan
45%
Spencer Amelia
45%
Woodfield Vanessa
45%
Breckle Archie
42%
Sharma Noah
42%
Thomas Sandy
42%
Haswell Ruby
41%
Macey Katie
40%
Sharma Nikhil
40%
Andrews Gemma
39%
Lawson Robbie
38%
Spencer Sean
38%
Murray Cameron
35%
Andrews Dominic
35%
Sharma Gennie
35%
Sharma Georgia
31%
Sharma Molly
29%
Lakely Lizzie
20%
Harland Steve
16%
No matching quizzes found
Score Distribution
Percent of People with Each Score
Percentile by Number Answered
Your Score History
You have not taken this quiz